Phoenix / Kimberly Brubaker Bradley.
Available copies
- 2 of 2 copies available at LARL/NWRL Consortium.
Current holds
0 current holds with 2 total copies.
Show Only Available Copies
| Location | Call Number / Copy Notes | Barcode | Shelving Location | Status | Due Date |
|---|---|---|---|---|---|
| Bagley Public Library | J BRA (Text) | 33500014358295 | New | Available | - |
| Barnesville Public Library | J BRA (Text) | 33500014358303 | New | Available | - |
Record details
- ISBN: 9780593859865
- ISBN: 0593859863
- Physical Description: 162 pages ; 22 cm.
- Publisher: New York, NY : Dial Books for Young Readers, 2026.
- Copyright: ©2026
Content descriptions
| Summary, etc.: | "Eleven-year-old Harper, struggling with the ... Read More |
| Target Audience Note: | Ages 10-14 years Dial Books for Young Readers. |
Search for related items by subject
| Genre: | Animal fiction. |
Search for related items by series
| LDR | 03418cam a22006738i 4500 | ||
|---|---|---|---|
| 001 | 483132 | ||
| 003 | LARL_NWRL_CONSORTIUM | ||
| 005 | 20260406163315.0 | ||
| 008 | 250904t20262026nyu c 000 1 eng | ||
| 007 | ta | ||
| 010 | . | ‡a 2025034318 | |
| 040 | . | ‡aDLC ‡beng ‡erda ‡cDLC ‡dIG# ‡dOCLCO ‡dZGT ‡dTOH ‡dJAS ‡dJBI ‡dOCLCO ‡dBDX ‡dCHILD | |
| 020 | . | ‡a9780593859865 ‡q(hardcover) | |
| 020 | . | ‡a0593859863 ‡q(hardcover) | |
| 020 | . | ‡z9780593859872 ‡q(epub) | |
| 035 | . | ‡a(OCoLC)1523045313 | |
| 042 | . | ‡apcc | |
| 082 | 0 | 4. | ‡a[Fic] ‡223/eng/20260220 |
| 100 | 1 | . | ‡aBradley, Kimberly Brubaker, ‡eauthor. ‡4aut ‡4http://id.loc.gov/vocabulary/relators/aut ‡1https://id.oclc.org/worldcat/entity/E39PBJfMpHVhQwYKcTG4VMtdwC ‡1http://id.loc.gov/rwo/agents/n97040889 ‡0(LARL_NWRL_CONSORTIUM)123562 |
| 245 | 1 | 0. | ‡aPhoenix / ‡cKimberly Brubaker Bradley. |
| 264 | 4. | ‡c©2026 | |
| 264 | 1. | ‡aNew York, NY : ‡bDial Books for Young Readers, ‡c2026. | |
| 300 | . | ‡a162 pages ; ‡c22 cm. | |
| 334 | . | ‡asingle unit ‡bmono ‡0http://id.loc.gov/vocabulary/issuance/mono | |
| 336 | . | ‡atext ‡btxt ‡2rdacontent ‡0http://id.loc.gov/vocabulary/contentTypes/txt | |
| 337 | . | ‡aunmediated ‡bn ‡2rdamedia ‡0http://id.loc.gov/vocabulary/mediaTypes/n | |
| 338 | . | ‡avolume ‡bnc ‡2rdacarrier ‡0http://id.loc.gov/vocabulary/carriers/nc | |
| 385 | . | ‡mAge group ‡nage ‡aPreteens ‡2lcdgt ‡0http://id.loc.gov/authorities/demographicTerms/dg2015060394 | |
| 490 | 0 | . | ‡aRide on ; ‡v1 |
| 520 | . | ‡a"Eleven-year-old Harper, struggling with the implosion of her family, finds connection with an abused horse, rides for the first time, and makes cautious friendships with a group of kids training at the stable next door"-- Provided by publisher. | |
| 521 | . | ‡aAges 10-14 years ‡bDial Books for Young Readers. | |
| 650 | 0. | ‡aHorses ‡vJuvenile fiction. ‡0(LARL_NWRL_CONSORTIUM)165686 | |
| 650 | 0. | ‡aHorsemanship ‡vJuvenile fiction. | |
| 650 | 0. | ‡aFamily crises ‡vJuvenile fiction. | |
| 650 | 0. | ‡aAdjustment (Psychology) ‡vJuvenile fiction. | |
| 650 | 1. | ‡aHorses ‡vFiction. ‡0(LARL_NWRL_CONSORTIUM)165676 | |
| 650 | 1. | ‡aHorsemanship ‡vFiction. ‡0(LARL_NWRL_CONSORTIUM)165683 | |
| 650 | 1. | ‡aFamily problems ‡vFiction. | |
| 650 | 1. | ‡aAdjustment ‡vFiction. | |
| 650 | 7. | ‡aJUVENILE FICTION / Social Themes / Friendship. ‡2bisacsh | |
| 650 | 7. | ‡aJUVENILE FICTION / Animals / Horses. ‡2bisacsh | |
| 655 | 7. | ‡aAnimal fiction. ‡2lcgft | |
| 758 | . | ‡1http://id.loc.gov/resources/instances/in00024316279 | |
| 758 | . | ‡4http://id.loc.gov/ontologies/bibframe/instanceOf ‡1http://id.loc.gov/resources/works/in00024316279 | |
| 776 | 0 | 8. | ‡iOnline version ‡4http://id.loc.gov/entities/relationships/onlineversion ‡aBradley, Kimberly Brubaker ‡tPhoenix ‡dNew York, NY : Dial Books for Young Readers, 2026 ‡z9780593859872 ‡w(DLC) 2025034319 |
| 884 | . | ‡aDLC bibframe2marc v3.0-dev ‡g20250904 ‡qDLC ‡uhttps://github.com/lcnetdev/bibframe2marc/tree/v3.0-dev | |
| 905 | . | ‡uvanderl | |
| 901 | . | ‡a483132 ‡bAUTOGEN ‡c483132 ‡tbiblio ‡soclc | |

Add to basket
Permalink
Disable Highlighting